Understanding Günter Grass /

Bibliographic Details
Main Author: Keele, Alan Frank
Format: Book
Language:English
Published: Columbia, S.C. : University of South Carolina Press, [1988]
Series:Understanding modern European and Latin American literature.
Subjects:

MARC

Tag First Indicator Second Indicator Subfields
LEADER 00000cam a2200000 a 4500
001 in00000726513
005 20151016084306.0
008 871007s1988 scu b s00110 eng
010 |a  87030061  
020 |a 0872495469 
020 |a 0872495477 (pbk.) 
035 |a (OCoLC)16901453 
035 |9 ADG9265AM 
040 |a DLC  |c DLC  |d TXA  |d UtOrBLW 
049 |a TXAM  |c [A11659681] 
050 0 0 |a PT2613.R338  |b Z687 1988 
082 0 |a 833/.914  |2 19 
100 1 |a Keele, Alan Frank. 
245 1 0 |a Understanding Günter Grass /  |c Alan Frank Keele. 
264 1 |a Columbia, S.C. :  |b University of South Carolina Press,  |c [1988] 
264 4 |c ©1988 
300 |a xi, 244 pages ;  |c 19 cm. 
336 |a text  |b txt  |2 rdacontent 
337 |a unmediated  |b n  |2 rdamedia 
338 |a volume  |b nc  |2 rdacarrier 
490 1 |a Understanding contemporary European and Latin American literature 
504 |a Bibliography: pages 210-219. 
500 |a Includes index. 
600 1 0 |a Grass, Günter,  |d 1927-2015  |x Criticism and interpretation. 
740 0 |a Günter Grass. 
830 0 |a Understanding modern European and Latin American literature. 
999 |a MARS 
999 f f |s 6f3d4893-97cb-30ce-b6ec-14e9add0d00b  |i 6006553f-a32a-3979-8d18-c98c489efa07  |t 0 
952 f f |p normal  |a Texas A&M University  |b College Station  |c Sterling C. Evans Library  |d Evans: Library Stacks  |t 0  |e PT2613.R338 Z687 1988  |h Library of Congress classification  |i unmediated -- volume  |m A14811659681 
998 f f |a PT2613.R338 Z687 1988  |t 0  |l Evans: Library Stacks